| 000 -LEADER |
| fixed length control field |
00980nam a22003497a 4500 |
| 001 - CONTROL NUMBER |
| control field |
9758798 |
| 003 - CONTROL NUMBER IDENTIFIER |
| control field |
OSt |
| 005 - DATE AND TIME OF LATEST TRANSACTION |
| control field |
20210426111514.0 |
| 008 - FIXED-LENGTH DATA ELEMENTS--GENERAL INFORMATION |
| fixed length control field |
980429n1984 xx u001 0 eng u |
| 010 ## - LIBRARY OF CONGRESS CONTROL NUMBER |
| LC control number |
83048366 |
| 015 ## - NATIONAL BIBLIOGRAPHY NUMBER |
| National bibliography number |
GB84-41327 |
| 020 ## - INTERNATIONAL STANDARD BOOK NUMBER |
| International Standard Book Number |
0060152605 : |
| Terms of availability |
$17.95 |
| 020 ## - INTERNATIONAL STANDARD BOOK NUMBER |
| International Standard Book Number |
0063370360 |
| 025 ## - OVERSEAS ACQUISITION NUMBER |
| Overseas acquisition number |
000000080839 |
| 040 ## - CATALOGING SOURCE |
| Original cataloging agency |
DLC |
| Transcribing agency |
DLC |
| Modifying agency |
NOH |
| -- |
m/c |
| -- |
UKM |
| 049 ## - LOCAL HOLDINGS (OCLC) |
| Holding library |
YYEA |
| 080 ## - UNIVERSAL DECIMAL CLASSIFICATION NUMBER |
| Universal Decimal Classification number |
92 |
| Item number |
L-96 |
| 096 ## - LOCALLY ASSIGNED NLM-TYPE CALL NUMBER (OCLC) |
| Classification number |
WZ 100 L967.2 1984 |
| 100 1# - MAIN ENTRY--PERSONAL NAME |
| Personal name |
Luria, S. E. |
| Fuller form of name |
(Salvador Edward), |
| Dates associated with a name |
1912- |
| 245 12 - TITLE STATEMENT |
| Title |
A slot machine, a broken test tube : |
| Remainder of title |
an autobiography / |
| Statement of responsibility, etc. |
S.E. Luria. |
| 250 ## - EDITION STATEMENT |
| Edition statement |
1st ed. |
| 260 ## - PUBLICATION, DISTRIBUTION, ETC. |
| Place of publication, distribution, etc. |
New York : |
| Name of publisher, distributor, etc. |
Harper & Row, |
| Date of publication, distribution, etc. |
c1984. |
| 300 ## - PHYSICAL DESCRIPTION |
| Extent |
x, 228 p. : |
| Other physical details |
ill. ; |
| Dimensions |
24 cm. |
| 365 ## - TRADE PRICE |
| Price type code |
17.95 USD |
| 490 0# - SERIES STATEMENT |
| Series statement |
Alfred P. Sloan Foundation series. |
| 500 ## - GENERAL NOTE |
| General note |
Includes index. |
| 590 ## - LOCAL NOTE (RLIN) |
| Local note |
c. 1. |
| 650 #2 - SUBJECT ADDED ENTRY--TOPICAL TERM |
| Topical term or geographic name entry element |
Virology |
| Geographic subdivision |
Italy |
| Form subdivision |
Biography. |
| 650 #2 - SUBJECT ADDED ENTRY--TOPICAL TERM |
| Topical term or geographic name entry element |
Virology |
| Form subdivision |
Biography. |
| 653 ## - INDEX TERM--UNCONTROLLED |
| Uncontrolled term |
ბიოგრაფია |
| 942 ## - ADDED ENTRY ELEMENTS (KOHA) |
| Source of classification or shelving scheme |
|
| Koha item type |
Books |